| 000 | 00718nam a2200205Ia 4500 | ||
|---|---|---|---|
| 999 |
_c46526 _d46526 |
||
| 001 | 13365 | ||
| 003 | GE_BSU | ||
| 005 | 20240904173251.0 | ||
| 008 | 181216s2013||||ru |||||||||||||| ||rus|| | ||
| 020 | _a9785906016041 | ||
| 040 | _cGE_BSU | ||
| 041 | _arus | ||
| 080 | _a141.336(55) К-66 | ||
| 100 |
_aКорбен, Анри _923162 |
||
| 245 |
_aСветовой человек в иранском суфизме / _cАнри Корбен ; Пер. с фр. Ю.Стефановой ; Предисл. Я.Эшоста. |
||
| 264 |
_aМосква : _bООО Садра, _c2013. |
||
| 300 |
_a238 стр. ; _c21 см. |
||
| 653 | _aСветовой человек в иранском суфизме | ||
| 942 |
_cBK _2udc |
||